Szczegóły MARC21

Business transformation management methodology /

005 -DATA I CZAS OSTATNIEJ MODYFIKACJI [,]
    • @
    • pole kontrolne
    • 20140113103911.0
020 -Międzynarod. znormalizowany nr książki - ISBN [ , ]
    • a
    • Numer ISBN
    • 9781409449805 Find
020 -Międzynarod. znormalizowany nr książki - ISBN [ , ]
    • a
    • Numer ISBN
    • 9781409449812 Find
020 -Międzynarod. znormalizowany nr książki - ISBN [ , ]
    • a
    • Numer ISBN
    • 9781409483984 Find
040 -Instytucja sporządzająca opis [ , ]
    • a
    • Instytucja, która sporządziła opis (NP)
    • SZCZ U/SA
    • c
    • Instytucja, która sporządziła rekord (NP)
    • SZCZ U/SA
    • d
    • Instytucja, która zmodyfikowała rekord (P)
    • SZCZ U/ML
041 -Język dokumentu [0, ]
    • a
    • Język tekstu (P)
    • angielski
044 -Kraj miejsca wydania [ , ]
    • a
    • Kraj miejsca wydania
    • Wielka Brytania
942 -Rodzaj dokumentu [ , ]
    • c
    • Rodzaj dokumentu
    • Książka
245 -Strefa tytułu i oznaczenia odpowiedzialności [0,0]
    • a
    • Tytuł
    • Business transformation management methodology / Find
    • c
    • Pozostałe elementy strefy tytułu i oznaczenia odpowiedzialności (NP)
    • ed. by Axel Uhl, Lars Alexander Gollenia.
250 -Strefa wydania [ , ]
    • a
    • Oznaczenie wydania (NP)
    • Reprinted.
260 -Strefa adresu wydawniczego [ , ]
    • a
    • Miejsce wydania (P)
    • Farnham ;
    • a
    • Miejsce wydania (P)
    • Burlington :
    • b
    • Nazwa wydawcy (P)
    • Gower,
    • c
    • Data wydania (P)
    • cop. 2013.
300 -Strefa opisu fizycznego [ , ]
    • a
    • Określenie formy książki i/lub objętość (NP)
    • 315 s. :
    • b
    • Oznaczenie ilustracji (NP)
    • wykr. ;
    • c
    • Format (NP)
    • 25 cm.
504 -Uwaga dot. bibliogr. załącznikowej [ , ]
    • a
    • Uwaga dot. bibliografii załącznikowej
    • Bibliogr. po rozdz. Indeks.
536 -Uwaga dot. finansowania książki [ , ]
    • a
    • Tekst uwagi
    • [Written and published with the support of SAP]
080 -Uniwersalna Klasyfikacja Dziesiętna [ , ]
    • 2
    • Identyfikator wydania tablic
    • UDC-P058
    • 9
    • UKD
    • 2185
    • a
    • Symbol klasyfikacji
    • 005.52
    • b
    • Dopowiedzenie
    • Analizy, badania, definicje.
    • 4
    • UKD2
    • 7644
    • x
    • Poddział wspólny
    • =111
    • c
    • Dopowiedzenie poddz. wspólnego
    • =Język angielski.
080 -Uniwersalna Klasyfikacja Dziesiętna [ , ]
    • 2
    • Identyfikator wydania tablic
    • UDC-P058
    • 9
    • UKD
    • 2210
    • a
    • Symbol klasyfikacji
    • 005.7
    • b
    • Dopowiedzenie
    • Zarządzanie. Zarządzanie organizacyjne.
    • 4
    • UKD2
    • 7644
    • x
    • Poddział wspólny
    • =111
    • c
    • Dopowiedzenie poddz. wspólnego
    • =Język angielski.
080 -Uniwersalna Klasyfikacja Dziesiętna [ , ]
    • 2
    • Identyfikator wydania tablic
    • UDC-P058
    • 9
    • UKD
    • 2179
    • a
    • Symbol klasyfikacji
    • 005.4
    • b
    • Dopowiedzenie
    • Procesy w zarządzaniu. Procesy rozwojowe. Etapy rozwoju: początek, wzrost, rozwój, upadek, likwidacja, upadłość.
    • 4
    • UKD2
    • 7644
    • x
    • Poddział wspólny
    • =111
    • c
    • Dopowiedzenie poddz. wspólnego
    • =Język angielski.
980 -Symbol UKD [ , ]
    • a
    • UKD
    • 005.52:005.7:005.4]=111
700 -Hasło dodatkowe - nazwa osobowa [1, ]
    • 9
    • KHW
    • 66141
    • a
    • Nazwa osobowa (NP)
    • Uhl, Axel. Find
    • e
    • Określenie rodzaju współpracy
    • Red.
700 -Hasło dodatkowe - nazwa osobowa [1, ]
    • 9
    • KHW
    • 66142
    • a
    • Nazwa osobowa (NP)
    • Gollenia, Lars Alexander. Find
    • e
    • Określenie rodzaju współpracy
    • Red.
710 -Hasło dodatkowe - nazwa ciała zbiorowego [2, ]
    • 4
    • Kod relacji
    • pbl
    • 9
    • KHW
    • 66143
    • a
    • Nazwa ciała zbiorowego lub nazwa geograficzna jako pierwszy element (NP)
    • Gower Publishing.
920 -ISBN [ , ]
    • a
    • ISBN
    • 978-1-4094-4980-5 Find
920 -ISBN [ , ]
    • a
    • ISBN
    • 978-1-4094-4981-2 Find
920 -ISBN [ , ]
    • a
    • ISBN
    • 978-1-4094-8398-4 Find
Data inwentaryzacji Lokalizacja Numer inwentarzowy Status udost.
2013-12-09TT.13909-2
2014-03-05TTM.10749-2